[Event "Niedersachsen-ch op B"]
[Site "Verden"]
[Date "2019.01.03"]
[Round "2"]
[White "Frankiewicz, Marcus"]
[Black "Bieler, Janek"]
[Result "0-1"]
[WhiteElo "1711"]
[BlackElo "1571"]
[PlyCount "36"]
[EventDate "2019.01.03"]
[EventType "swiss"]
[EventRounds "7"]
[EventCountry "GER"]
[SourceTitle "EXT 2022"]
[Source "ChessBase"]
[SourceDate "2021.10.06"]
[SourceVersion "1"]
[SourceVersionDate "2021.10.06"]
[SourceQuality "1"]

1. e4 c6 2. d4 d5 3. e5 Bf5 4. Bd3 Bxd3 5. Qxd3 e6 6. f4 Nh6 7. Nf3 c5 8. dxc5 Qa5+ 9. Bd2 Qxc5 10. Be3 Qa5+ 11. Nc3 Nc6 12. h3 Nf5 13. 0-0-0 Nb4 14. Qd2 Nxa2+ 15. Nxa2 Qxa2 16. c3 Qa1+ 17. Kc2 Qa4+ 18. Kb1 Qe4+ 0-1

[Event "Niedersachsen-ch op B"]
[Site "Verden"]
[Date "2018.01.07"]
[Round "7"]
[White "Frankiewicz, Marcus"]
[Black "Grabowski, Petra"]
[Result "1/2-1/2"]
[WhiteElo "1709"]
[BlackElo "1590"]
[PlyCount "26"]
[EventDate "2018.01.04"]
[EventType "swiss"]
[EventRounds "7"]
[EventCountry "GER"]
[SourceTitle "EXT 2022"]
[Source "ChessBase"]
[SourceDate "2021.10.06"]
[SourceVersion "1"]
[SourceVersionDate "2021.10.06"]
[SourceQuality "1"]

1. e4 c6 2. d4 d5 3. exd5 cxd5 4. Bf4 Bf5 5. Nf3 Nf6 6. c3 a6 7. Bd3 Bxd3 8. Qxd3 e6 9. Nbd2 Nc6 10. 0-0 Be7 11. Ne5 Rc8 12. h3 0-0 13. Ndf3 b5 1/2-1/2

[Event "Niedersachsen-ch op B"]
[Site "Verden"]
[Date "2018.01.04"]
[Round "2"]
[White "Hapke, Nils"]
[Black "Frankiewicz, Marcus"]
[Result "0-1"]
[WhiteElo "1562"]
[BlackElo "1709"]
[PlyCount "60"]
[EventDate "2018.01.04"]
[EventType "swiss"]
[EventRounds "7"]
[EventCountry "GER"]
[SourceTitle "EXT 2022"]
[Source "ChessBase"]
[SourceDate "2021.10.06"]
[SourceVersion "1"]
[SourceVersionDate "2021.10.06"]
[SourceQuality "1"]

1. e4 c5 2. c3 d6 3. d4 cxd4 4. cxd4 a6 5. Nf3 e6 6. Be2 Nf6 7. Nc3 Be7 8. 0-0 0-0 9. h3 b5 10. Be3 b4 11. e5 dxe5 12. dxe5 bxc3 13. exf6 Bxf6 14. bxc3 Nc6 15. Qc2 Bb7 16. Rab1 Qc7 17. Bb6 Qe7 18. Nd2 Rfc8 19. Bd3 g6 20. Ne4 Be5 21. Bc5 Qc7 22. f4 Bg7 23. Nd6 Rcb8 24. Nxb7 Rxb7 25. Be4 Rxb1 26. Rxb1 Rc8 27. Qd2 Qa5 28. Bb4 Nxb4 29. Rxb4 Bxc3 30. Qd7 Qc5+ 0-1